Les films avec Margot Robbie - Statistiques

Statistiques générales
  • Ce quiz a été pris 31 fois
  • Le résultat moyen est 4 sur 10
Statistiques - réponses
Hint Réponse % Correct
La plus célèbre des poupées Barbie
86%
La nouvelle femme d'un courtier en bourse qui se voit offrir un yacht a son nom Le Loup de Wall Street
75%
L'ennemie de Batman Suicide Squad
57%
Une patineuse artistique prête à tout Moi, Tonya
50%
Une actrice délurée dans le Hoyllwood du cinéma muet Babylon
46%
Jane Porter Tarzan
39%
Un arnaqueuse débutante embarqué dans un gros coup à la Nouvelle-Orléans Diversion
36%
Une infirmière qui va aider deux anciens combattants de la Première Guerre mondiale Amsterdam
21%
La reine Élisabeth Ire Marie Stuart, reine d'Écosse
11%
Sharon Tate Once upon in time in Hollywood
0%
Aucun quiz correspondant
Distribution des résultats
% des personnes avec chaque résultat
Percentile par nombre de réponses
Votre historique - résultats
Vous n’avez pas pris ce quiz